000
00203 a2200097 4500
001
6448
100
_a
Ahmad, J
245
_a
Glimpses of Quaid-e-Azam
260
_a
_b
Educational
_c
090
_c
5307
_d
5307
942
_a
NUST-CAE
_c
M
_c
31720
999
_c
241521
_d
241521